000 00343nam a2200145Ia 4500
008 150201s2007 xx 000 0 und d
082 _a618
_bO07S
100 _aSALHAN, SUDHA
245 _aTB. OF OBSTETRICS
250 _a1ST
260 _bJAYPEE BROTHERS
_aDELHI
_c2007
300 _a1-828
650 _aOBST & GYNAECOLOGY
942 _2ddc
_cBK
_02
999 _c189
_d189